000 00498nam a2200145Ia 4500
008 100204s9999 xx 000 0 und d
082 _b6480
100 _aकंगले र. प.
245 _a्ररस - भाव विचार
260 _bमहाराष्ट्र राज्य साहित्य मंडळ
_c1973
300 _a7+448
630 _a्ररस - भाव विचार
730 _a्ररस - भाव विचार
942 _cBOOK
999 _c450919
_d450916